| 000 | 00758nam a2200253Ia 4500 | ||
|---|---|---|---|
| 003 | OSt | ||
| 005 | 20221006140747.0 | ||
| 006 | a|||||r|||| 00| 0 | ||
| 007 | ta | ||
| 008 | 221006b |||||||| |||| 00| 0 eng d | ||
| 020 |
_a9781860644870 _c879p. |
||
| 024 | _a571 | ||
| 037 |
_b44274/7/2000, 01/08/2000, Select Book Service _cTextual |
||
| 040 |
_aEASL _cEASL _beng |
||
| 041 |
_2eng _aeng |
||
| 082 | _aV41:594.N9, N9 | ||
| 100 |
_aJI You _9616886 |
||
| 245 | 0 | _aArmed forces of China | |
| 260 |
_aLondon _bI B Tauris _c1999 |
||
| 300 |
_a288p. _ccm. |
||
| 490 |
_v CEL _aThe Armed forces of Asia Series |
||
| 942 |
_hV41:594.N9, N9 _cTEXL _2CC |
||
| 999 |
_c1068658 _d1068658 |
||